| 000 | 00432nam a2200181Ia 4500 | ||
|---|---|---|---|
| 001 | 11205 | ||
| 005 | 20260306161929.0 | ||
| 008 | 260306t2009||||xx |||||||||||||| ||spa|| | ||
| 041 | _aESP | ||
| 082 |
_a985.019 _bD285 |
||
| 100 |
_aDunbar Temple, Ella _eAUT |
||
| 245 | 0 | _aLa descendencia de Huayna Cápac | |
| 260 | _c2009 | ||
| 300 |
_a400 páginas : _c24 cm. |
||
| 650 | _aGEN | ||
| 654 | _aCHU | ||
| 942 |
_cLIB _dJUS _fJUS _2ddc _n |
||
| 999 |
_c11205 _d11205 |
||